| 000 -LEADER |
| fixed length control field |
00285nam a22000977a 4500 |
| 008 - FIXED-LENGTH DATA ELEMENTS--GENERAL INFORMATION |
| fixed length control field |
140116b xxu||||| |||| 00| 0 alb d |
| 020 ## - INTERNATIONAL STANDARD BOOK NUMBER |
| International Standard Book Number |
9789928022080 |
| 100 1# - MAIN ENTRY--PERSONAL NAME |
| Personal name |
Lloshi, Xhevat |
| 245 10 - TITLE STATEMENT |
| Title |
Stilistika e gjuhës shqipe dhe pragmatika / |
| Statement of responsibility, etc |
Xhevat Lloshi |
| 260 ## - PUBLICATION, DISTRIBUTION, ETC. (IMPRINT) |
| Place of publication, distribution, etc |
Tiranë : |
| Name of publisher, distributor, etc |
"albas" ; |
| Date of publication, distribution, etc |
2012. |